000 00902nam a2200253Ia 4500
003 OSt
005 20220930192320.0
006 a|||||r|||| 00| 0
007 ta
008 220926b |||||||| |||| 00| 0 eng d
024 _a10021
037 _cDissertations
040 _aCRL
_cCRL
_beng
041 _2eng
_aeng
100 _aGupta Sandeep Kumar
_9524506
110 _aUniversity of Delhi. Faculty of Medical Sciences. Department of Clinical Research
_9522783
245 0 _aPlacebo controlled trial of two doses of choline in treatment of asthma
_b A clinicophysiological study
260 _c1990
650 _aDRUGS - TESTING
_9522784
700 _a Dr S N Gaur Supervisor
_9523311
700 _aUniversity of Delhi. Faculty of Medical Sciences. Department of Clinical Research
_9522786
942 _cDIS
_2CC
999 _c895026
_d895026